Learning from learning in economics

Guardado en:
Detalles Bibliográficos
Autor principal: Marimon, Ramon
Formato: Libro
Lenguaje:inglés
Publicado: San Domenico (FI) European University Institute 1996
Colección:EUI Working paper ECO No. 96/12
Materias:
Etiquetas: Agregar Etiqueta
Sin Etiquetas, Sea el primero en etiquetar este registro!

MARC

LEADER 00000nam a2200000 4500
001 c133351
005 20221123124435.3
041 0 |a eng 
044 |a IT 
245 1 0 |a Learning from learning in economics  |c Ramon Marimon 
264 1 |a San Domenico (FI)  |b European University Institute  |c 1996 
300 |a 39 s. 
490 1 |a EUI Working paper ECO  |v No. 96/12 
830 0 |a EUI Working paper ECO  |v No. 96/12 
610 2 0 |a veda ekonomická 
610 2 0 |a modelovanie ekonometrické 
610 2 0 |a hry ekonomické 
610 2 0 |a modely makroekonomické 
610 2 0 |a teórie ekonomické 
610 2 0 |a politika hospodárska 
610 2 0 |a teória modelov ekonomicko-matematických 
100 1 |a Marimon, Ramon